[Event "AUTO-OPEN-4554"]
[Site "http://www.queenalice.com/game.php?id=1845246"]
[Date "2024.10.12"]
[Round "1"]
[White "basketballer"]
[Black "ThiagoBrumN"]
[Result "1-0"]
[WhiteElo "2007"]
[BlackElo "1662"]

1. e4 d5 2. exd5 c6 3. d4 cxd5 4. c4 Nf6 5. Nc3 Nc6 6. Bg5 h6 7. Bxf6 gxf6 8.
cxd5 Nb8 9. Bb5+ Bd7 10. Qa4 Bg7 11. Nf3 O-O 12. O-O Bxb5 13. Qxb5 Qc7 14. Rac1
Nd7 15. Rfe1 Kh8 16. Rxe7 Rad8 17. Rce1 Qc8 18. Nh4 Rg8 19. Nf5 Bf8 20. Rxf7 a6
21. Qe2 b5 22. Qe3 Rg6 23. h4 Qb8 24. h5 Rg5 25. Qe4 Rxh5 26. Ng3 Rg5 27. Qh7#
1-0

[Event "AUTO-OPEN-4554"]
[Site "http://www.queenalice.com/game.php?id=1845261"]
[Date "2024.10.12"]
[Round "1"]
[White "Shizumaru_Hisame"]
[Black "basketballer"]
[Result "0-1"]
[WhiteElo "2050"]
[BlackElo "1957"]

1. e4 c6 2. d4 d5 3. exd5 cxd5 4. h3 Bf5 5. Nc3 e6 6. a3 Nf6 7. Bf4 Nbd7 8. Bb5
a6 9. Ba4 Be7 10. Qd2 O-O 11. O-O-O b5 12. Bb3 Nb6 13. f3 Nc4 14. Qf2 Rc8 15. h4
Nxa3 16. bxa3 Rxc3 17. Kb2 Qa5 18. Ra1 Rfc8 19. Bd2 Rxc2+ 20. Bxc2 Rxc2+ 21. Kb3
Qa4# 0-1

[Event "AUTO-OPEN-4554"]
[Site "http://www.queenalice.com/game.php?id=1845262"]
[Date "2024.10.12"]
[Round "1"]
[White "basketballer"]
[Black "Shizumaru_Hisame"]
[Result "1-0"]
[WhiteElo "1984"]
[BlackElo "2050"]

1. e4 e6 2. d4 Bb4+ 3. c3 Ba5 4. Nf3 d6 5. Bg5 f6 6. Be3 Bb6 7. Bd3 Bd7 8. Nbd2
a6 9. Nh4 g6 10. f4 Nc6 11. Nhf3 e5 12. fxe5 fxe5 13. Bg5 Nf6 14. d5 Na7 15. Qe2
Ba4 16. b3 Bd7 17. O-O-O Qe7 18. h3 O-O-O 19. Bxa6 bxa6 20. Qxa6+ Kb8 21. Nc4
Bb5 22. Qa3 Qf7 23. Nxb6 cxb6 24. c4 Bd7 25. Qxd6+ Ka8 26. Qxf6 Qxf6 27. Bxf6
1-0

[Event "AUTO-ADV-4819"]
[Site "http://www.queenalice.com/game.php?id=1845329"]
[Date "2024.10.13"]
[Round "1"]
[White "Charles56"]
[Black "basketballer"]
[Result "1/2-1/2"]
[WhiteElo "1699"]
[BlackElo "1980"]

1. e4 c6 2. d4 d5 3. e5 Bf5 4. Nc3 e6 5. h3 c5 6. dxc5 Bxc5 7. a3 Nc6 8. Nf3
Nge7 9. Bg5 h6 10. Bh4 Qb6 11. b4 Nxb4 12. axb4 Bxb4 13. Bxe7 Bxc3+ 14. Nd2 Kxe7
15. Rb1 Bxd2+ 16. Kxd2 Qd4+ 17. Bd3 Qxf2+ 18. Kc3 Qc5+ 19. Kb2 Qb4+ 20. Kc1 Qf4+
21. Qd2 Qxd2+ 22. Kxd2 b6 23. Bxf5 exf5 24. g4 fxg4 25. hxg4 Ke6 26. Rhe1 Rac8
1/2-1/2

[Event "AUTO-ADV-4819"]
[Site "http://www.queenalice.com/game.php?id=1845330"]
[Date "2024.10.13"]
[Round "1"]
[White "basketballer"]
[Black "Charles56"]
[Result "1/2-1/2"]
[WhiteElo "1994"]
[BlackElo "1687"]

1. e4 e5 2. Nf3 d6 3. d4 exd4 4. Nxd4 a6 5. Nc3 h6 6. Be2 Nf6 7. f4 Bd7 8. O-O
c5 9. Nb3 b5 10. Bf3 Nc6 11. Re1 Be7 12. Nd5 h5 13. Nxf6+ Bxf6 14. Qxd6 Be7 15.
Qd1 c4 16. Nd4 Nxd4 17. Qxd4 Bf6 18. e5 Be7 19. Bxa8 Qxa8 20. e6 Bxe6 21. Qxg7
Rf8 22. f5 Bxf5 23. Rxe7+ Kxe7 24. Bg5+ Kd6 25. Rd1+ Kc6 26. Qf6+ Be6 27. Qe5
1/2-1/2

[Event "AUTO-ADV-4820"]
[Site "http://www.queenalice.com/game.php?id=1845553"]
[Date "2024.10.16"]
[Round "1"]
[White "basketballer"]
[Black "askasl159"]
[Result "1/2-1/2"]
[WhiteElo "1980"]
[BlackElo "1995"]

1. Nf3 d5 2. c4 d4 3. b4 g6 4. e3 d3 5. Qb3 Bg7 6. Nc3 c6 7. Bb2 Bg4 8. Ne4 Bxb2
9. Qxb2 Nf6 10. Nxf6+ exf6 11. Qd4 Qxd4 12. Nxd4 O-O 13. Bxd3 Nd7 14. Be2 Bxe2
15. Kxe2 c5 16. bxc5 1/2-1/2

[Event "AUTO-ADV-4820"]
[Site "http://www.queenalice.com/game.php?id=1845554"]
[Date "2024.10.16"]
[Round "1"]
[White "askasl159"]
[Black "basketballer"]
[Result "1/2-1/2"]
[WhiteElo "1995"]
[BlackElo "1979"]

1. e4 c6 2. Nf3 d5 3. e5 Bg4 4. Be2 e6 5. O-O c5 6. h3 Bxf3 7. Bxf3 Nc6 8. Re1
Qc7 9. c3 Nxe5 10. d4 Nxf3+ 11. Qxf3 cxd4 12. cxd4 Nf6 13. Nc3 Be7 14. Bf4 Qb6
15. Be5 O-O 16. Re2 Rac8 1/2-1/2

[Event "AUTO-ADV-4820"]
[Site "http://www.queenalice.com/game.php?id=1845555"]
[Date "2024.10.16"]
[Round "1"]
[White "basketballer"]
[Black "Magnaroc"]
[Result "0-1"]
[WhiteElo "1903"]
[BlackElo "1977"]

1. e4 e5 2. f4 exf4 3. Nf3 Be7 4. Bc4 Bh4+ 5. g3 fxg3 6. O-O gxh2+ 7. Kh1 d5 8.
Bxd5 c6 9. Bxf7+ Kxf7 10. Nxh4+ Nf6 0-1

[Event "AUTO-ADV-4820"]
[Site "http://www.queenalice.com/game.php?id=1845557"]
[Date "2024.10.16"]
[Round "1"]
[White "basketballer"]
[Black "chessman"]
[Result "1/2-1/2"]
[WhiteElo "2001"]
[BlackElo "1861"]

1. e4 e5 2. Nf3 d6 3. d4 exd4 4. Nxd4 Nf6 5. Nc3 Be7 6. Bb5+ Bd7 7. Bxd7+ Qxd7
8. O-O Nc6 9. Be3 Nxd4 10. Qxd4 O-O 11. Rad1 a6 12. e5 Ne8 13. f4 Qc6 14. Nd5
Qd7 15. Nc3 Rd8 16. Ne4 d5 17. Qd2 c6 18. c4 1/2-1/2

[Event "AUTO-ADV-4820"]
[Site "http://www.queenalice.com/game.php?id=1845558"]
[Date "2024.10.16"]
[Round "1"]
[White "chessman"]
[Black "basketballer"]
[Result "1/2-1/2"]
[WhiteElo "1855"]
[BlackElo "2009"]

1. e4 c6 2. d4 d5 3. Nc3 dxe4 4. Nxe4 Nf6 5. Ng3 Bg4 6. Be2 Bxe2 7. N1xe2 e6 8.
O-O Be7 9. c3 Nbd7 10. h3 O-O 11. Be3 Nd5 12. a3 f5 13. Bd2 c5 14. c4 N5f6 15.
dxc5 Nxc5 16. b4 Nce4 17. Nxe4 Nxe4 18. Be3 Bf6 1/2-1/2